000 00693nam a2200181Ia 4500
008 090124s9999 xx 000 0 und d
082 _b32358
100 _aचित्रे दिलीप पुरुषोत्तम
245 _a शतकांचा संधिकाल
250 _a1
260 _bपॉप्य़ुलर प्रकाशन
_c1995
300 _a130
600 _aचित्रे दिलीप पुरुषोत्तम
630 _a शतकांचा संधिकाल
700 _aचित्रे दिलीप पुरुषोत्तम
730 _a शतकांचा संधिकाल
942 _cBOOK
999 _c98418
_d98418